| 000 | 00434nam a2200181Ia 4500 | ||
|---|---|---|---|
| 005 | 20240823015331.0 | ||
| 008 | 240823s9999||||xx |||||||||||||| ||und|| | ||
| 020 | _a81-87433-69-8 | ||
| 041 | _aENGLISH | ||
| 082 | _A370.15 | ||
| 100 | _aSafaya R N | ||
| 245 | 0 | _aModern Educational Psychology | |
| 250 | _a1st | ||
| 260 | _bDhanpat Rai Publishing Company (P | ||
| 500 | _aYES | ||
| 650 |
_aEducation _bGeneral |
||
| 942 | _cBK | ||
| 999 |
_c172184 _d172184 |
||